| 000 | 00648nam a2200205Ia 4500 | ||
|---|---|---|---|
| 001 | 2996 | ||
| 003 | GE_BSU | ||
| 008 | 181216s||||||||xx |||||||||||||| ||und|| | ||
| 040 | _cGE_BSU | ||
| 080 | _a622.32(075.8) | ||
| 100 | _aМуравьев,И.М. Базлов,М.Н. Жуков,А.И. Чернов,Б.С. | ||
| 245 | _aТехнология и техника добычи нефти и газа. | ||
| 245 | _bУчебник. | ||
| 260 | _aМ. | ||
| 260 | _bНедра. | ||
| 260 | _c1971. | ||
| 300 | _a495 стр. с илл. 22 см. | ||
| 653 | _aТехнология и техника добычи нефти и газа. | ||
| 942 | _cBK | ||
| 999 |
_c37042 _d37042 |
||